Lo crudo, lo cocido, lo podrido
Uloženo v:
| Hlavní autor: | |
|---|---|
| Médium: | Kniha |
| Jazyk: | španělština |
| Vydáno: |
Santiago
LOM
2010
|
| Vydání: | 1a. ed |
| Edice: | Libros del Ciudadano
|
| Témata: | |
| Tagy: |
Přidat tag
Žádné tagy, Buďte první, kdo vytvoří štítek k tomuto záznamu!
|
MARC
| LEADER | 00000nam a2200000 a 4500 | ||
|---|---|---|---|
| 001 | UCG2330 | ||
| 003 | CL-VaPUC | ||
| 008 | 100708e20100000CL |||||||||||||||||spa|d | ||
| 020 | |a 9789560001313 | ||
| 082 | 0 | 4 | |a 862 |b PAR |2 21 |
| 100 | |a Parra Calderón, Marco Antonio de la |e autor |9 466150 | ||
| 245 | 1 | 3 | |a Lo crudo, lo cocido, lo podrido |
| 250 | |a 1a. ed | ||
| 300 | |a 69 p | ||
| 942 | |c BK | ||
| 945 | |d 20100708 00:00:00 |a cmena | ||
| 260 | |a Santiago |b LOM |c 2010 | ||
| 650 | 0 | |a Teatro chileno |9 266701 | |
| 650 | 0 | |a Literatura chilena |9 308278 | |
| 650 | 7 | |a CRITICA POLITICA |2 CL-VaPUC |9 506591 | |
| 583 | |a last modification |c 20100708 00:00:00 |k Rodrigo Vera | ||
| 490 | 0 | |a Libros del Ciudadano | |
| 999 | |c 341546 |d 341544 | ||
| 952 | |0 0 |1 0 |4 0 |6 862_000000000000000_PAR_2010 |7 0 |8 C |9 437138 |a BIBCUR |b BIBCUR |d 2019-11-22 |i 4680235 |o 862 PAR 2010 |p 4680235 |r 2025-04-22 |w 2019-11-22 |y BK |k CAC | ||
| 952 | |0 0 |1 0 |4 0 |6 862_000000000000000_PAR_2010 |7 0 |8 C |9 437139 |a BIBCUR |b BIBCUR |d 2019-11-22 |i 468026K |o 862 PAR 2010 |p 468026K |r 2025-04-22 |w 2019-11-22 |y BK |k CAC | ||